Japanese music and drama in the meiji era

This books consists of the following seven parts: Music and drama in the meiji era; Gagaku; The No; The puppet theatre; The kabuki, the shimpa, the shingeki; Japanese music and dance, and occidental music.

Saved in:
Bibliographic Details
Main Author: Toyotaka, Komiya
Format: Book
Language:Undetermined
Published: 1956
Subjects:
Tags: Add Tag
No Tags, Be the first to tag this record!
Institutions: Trung tâm Học liệu Trường Đại học Cần Thơ
LEADER 00681nam a2200181Ia 4500
001 CTU_113529
008 210402s9999 xx 000 0 und d
082 |a 780 
082 |b T756/Vol.3 
100 |a Toyotaka, Komiya 
245 0 |a Japanese music and drama in the meiji era 
245 0 |c Komiya Toyotaka 
260 |c 1956 
520 |a This books consists of the following seven parts: Music and drama in the meiji era; Gagaku; The No; The puppet theatre; The kabuki, the shimpa, the shingeki; Japanese music and dance, and occidental music. 
650 |a Music,Drama 
650 |z Japan,Japan 
904 |i Tuyến 
980 |a Trung tâm Học liệu Trường Đại học Cần Thơ